书目信息 |
| 题名: |
中国农业土壤固碳潜力与气候变化
|
|
| 作者: | 林而达 等 编著 | |
| 分册: | ||
| 出版信息: | 北京 科学出版社 2005 |
|
| 页数: | ||
| 开本: | ||
| 丛书名: | ||
| 单 册: | ||
| 中图分类: | S153.6 | |
| 科图分类: | ||
| 主题词: | 土壤学 | |
| 电子资源: | ||
| ISBN: | 7-03-012504-5 | |
| 000 | 00540nam0 2200169 450 | |
| 001 | 0754114953 | |
| 005 | 20070929150154.95 | |
| 010 | @a7-03-012504-5 | |
| 100 | @a20070929d km y0chiy0120 ea | |
| 101 | 0 | @achi |
| 200 | 1 | @a中国农业土壤固碳潜力与气候变化@Azhong guo nong ye tu rang gu tan qian li yu qi hou bian hua@f林而达 等 编著@Flin er da deng bian zhu |
| 210 | @a北京@c科学出版社@d2005 | |
| 606 | 0 | @a土壤学 |
| 690 | @aS153.6@v3 | |
| 701 | 0 | @a林而达 等@Alin er da deng@4编著 |
| 801 | 0 | @aCN@bPFT@c20070929 |
| 905 | @a213230@dS153.6@eh28@f1 | |
| 中国农业土壤固碳潜力与气候变化/林而达 等 编著.-北京:科学出版社,2005 |
| ISBN 7-03-012504-5: |
| ● |
| 相关链接 |
|
|
|
|
正题名:中国农业土壤固碳潜力与气候变化
索取号:S153.6/h28
 
预约/预借
| 序号 | 登录号 | 条形码 | 馆藏地/架位号 | 状态 | 备注 |
| 1 | 6003296 | 260032967 | 密集书库-化学系/ [索取号:S153.6/h28] | 在馆 |